00417nam a2200169 a 4500008004100000020001500041050001500056100002500071245002000096246002900116250001200145260002700157300002000184350000900204650001400213650002000227120416s1972 ||||||||||||||||| || u a0080169287 aHT 151 Joh aJohnson, James Henry10aUrban geography aan introductory analysis a2nd. ed aOxfordbPergamonc1972 axv, 203p. : ill a0.00 aGEOGRAPHY 0aURBAN GEOGRAPHY